| 000 | 00822nam a22002057a 4500 | ||
|---|---|---|---|
| 999 |
_c15904 _d15904 |
||
| 003 | AR-CdUCM | ||
| 008 | 190430b ||||| |||| 00| 0 spa d | ||
| 040 |
_aMUNICIPALIDAD PROVINCIAL DEL CUSCO _cBIBLIOTECA MUNICIPAL DEL CUSCO |
||
| 082 |
_a370.72 / _bG67 |
||
| 100 |
_aGonzales Mamani, Alfonso _94077 |
||
| 245 |
_aParadigma positivista vs paradigma cualitativo : _bProyectos e informes de investigación cuantitativa y cualitativa en la educación / |
||
| 260 |
_aCusco : _bAlpha servicios, _c2009. |
||
| 300 |
_a144 páginas ; _bIlustraciones, _c20 cm. |
||
| 505 | _aContenido: La ciencia -- Concepto y etimología -- Características -- Elementos -- Objetivos... | ||
| 650 |
_aEducación _9460 |
||
| 650 |
_aInvestigación _91940 |
||
| 650 |
_aMetodología _92264 |
||
| 942 |
_2ddc _cLIBROS |
||
| 945 |
_adavv _d30/04/2019 |
||